000 00849nam a22002657i 4500
003 DO-SdBNP
005 20260401104210.0
006 a||||gr|||| 00| 0
007 ta
008 240521e200 dr ad||| |||| 00| e spa d
040 _aDO-SdBNP
_bspa
_cBNPHU
_erda
082 4 _222
_bM585c
100 _aMessina, Guitze M.
_967987
_eautora
245 1 0 _aCómo invertir en Wall Street /
_cGuitze M. Messina
264 1 _aSanto Domingo :
_bCorripio,
_c2000
300 _a189 páginas :
_bilustraciones, gráficas ;
_c23 cm.
336 _2rdacontent
_atexto
_btxt
337 _2rdamedia
_asin mediación
_bn
338 _2rdacarrier
_avolumen
_bnc
590 _aInventariado 2024 / MF
650 4 _aFinanzas Personales
_98282
650 0 _aAhorro e inversión
_937131
650 0 _aInversiones extranjeras
_zRepública Dominicana
_948296
942 _2ddc
_cLBS1
999 _c56713
_d56713